Catálogo
 En Linea

Bolívar y Europa en las crónicas, el pensamiento político y la historiografía / (Registro nro. 6702)

Detalles MARC
000 -CABECERA
campo de control de longitud fija 01174cam a2200277 a 4500
001 - NÚMERO DE CONTROL
campo de control 000006917
005 - FECHA Y HORA DE LA ÚLTIMA TRANSACCIÓN
campo de control 20200929154023.0
008 - DATOS DE LONGITUD FIJA--INFORMACIÓN GENERAL
campo de control de longitud fija 870623s1986 ve b f000 0 spa d
020 ## - NÚMERO INTERNACIONAL ESTÁNDAR DEL LIBRO
Número Internacional Estándar del Libro 9802653616 (obra completa)
020 ## - NÚMERO INTERNACIONAL ESTÁNDAR DEL LIBRO
Número Internacional Estándar del Libro 9802653624 (v.1)
040 ## - FUENTE DE LA CATALOGACIÓN
Centro catalogador/agencia de origen DO-SdBNP
Lengua de catalogación spa
Centro/agencia transcriptor LC
Centro/agencia modificador BNPHU
050 00 - SIGNATURA TOPOGRÁFICA DE LA BIBLIOTECA DEL CONGRESO
Número de clasificación F2235.3
Número de documento/Ítem .B6494 1986
082 ## - NÚMERO DE LA CLASIFICACIÓN DECIMAL DEWEY
Número de clasificación 980/.02/0924
Número de documento/Ítem B689e
049 ## - FONDOS LOCALES (OCLC)
Fondos de biblioteca BNGR
245 #0 - MENCIÓN DE TÍTULO
Título Bolívar y Europa en las crónicas, el pensamiento político y la historiografía /
Mención de responsabilidad, etc. [Alberto Gil Novales et al.] ; investigación dirigida por Alberto Filippi ; prólogo J.L. Salcedo-Bastardo.
260 ## - PUBLICACIÓN, DISTRIBUCIÓN, ETC.
Lugar de publicación, distribución, etc. Caracas :
Nombre del editor, distribuidor, etc. Presidencia de la República, Comite Ejecutivo del Bicentenario de Simón Bolívar,
Fecha de publicación, distribución, etc. 1986.
300 ## - DESCRIPCIÓN FÍSICA
Extensión v. ;
Dimensiones 25 cm.
504 ## - NOTA DE BIBLIOGRAFÍA, ETC.
Nota de bibliografía, etc. Incluye bibliografías.
505 0# - NOTA DE CONTENIDO CON FORMATO
Información miscelánea v. 1.
Título Siglo XIX.
600 10 - PUNTO DE ACCESO ADICIONAL DE MATERIA--NOMBRE DE PERSONA
Nombre de persona Bolívar, Simón,
Fechas asociadas al nombre 1783-1830
Subdivisión general Archives.
9 (RLIN) 19177
651 #0 - PUNTO DE ACCESO ADICIONAL DE MATERIA--NOMBRE GEOGRÁFICO
Nombre geográfico South America
Subdivisión general History
Subdivisión cronológica Wars of Independence, 1806-1830
Subdivisión general Foreign Public Opinion, European.
9 (RLIN) 19178
650 #0 - PUNTO DE ACCESO ADICIONAL DE MATERIA--TÉRMINO DE MATERIA
Término de materia o nombre geográfico como elemento de entrada Public opinion
Subdivisión geográfica Europe.
9 (RLIN) 19179
700 1# - PUNTO DE ACCESO ADICIONAL--NOMBRE DE PERSONA
Nombre de persona Filippi, Alberto,
Término indicativo de función/relación introd.
9 (RLIN) 19180
700 1# - PUNTO DE ACCESO ADICIONAL--NOMBRE DE PERSONA
Nombre de persona Salcedo Bastardo, J. L.,
Término indicativo de función/relación pról.
9 (RLIN) 18082
910 ## - DATOS DE OPCIÓN DEL USUARIO (OCLC)
Datos de opción del usuario Catalogación por copia / LC
Existencias
Estado de retiro Estado de pérdida Restricciones de uso No para préstamo Código de colección Localización permanente Ubicación/localización actual Ubicación en estantería Fecha de adquisición Número de inventario Total de préstamos Signatura topográfica completa Código de barras Fecha visto por última vez Precio válido a partir de Tipo de ítem Koha
        Monografías: Libros y Folletos General General En catalogación 03.09.2009 LF1   v.1 6917-10 25.06.2020 25.06.2020 Préstamo en sala

Con tecnología Koha